| 000 | 00852nam a22002537a 4500 | ||
|---|---|---|---|
| 005 | 20170123162340.0 | ||
| 010 | _aA-941206 | ||
| 020 | _c90.00 | ||
| 035 | _aA-941206 | ||
| 037 | _bCen Lib/Ret | ||
| 040 |
_aDPL _bUR |
||
| 082 |
_a848 _bج و گ |
||
| 100 |
_aجوگندر پال _914217 |
||
| 245 |
_aبے اصطلاح / _bجوگندر پال |
||
| 246 |
_aBe istilah / _bby Joginder Paul |
||
| 260 |
_aنیی دہلی _bتخلیقکار پبلیکیشنز _c1998 |
||
| 270 |
_bنیی دہلی _a١٧٧٩، کوچہ دکھنی رائی دریاگنج _e110002 |
||
| 300 |
_a211p. _c21cm(Hb) |
||
| 650 |
_aادب -- اردو _9126947 |
||
| 650 |
_a اردو تنقیدی مضامین _9114356 |
||
| 650 |
_aLiterature -- Urdu _9126948 |
||
| 650 |
_aUrdu critical articles _9114358 |
||
| 942 |
_2ddc _cUR _h848 _mج و گ |
||
| 999 |
_c108481 _d108481 |
||